Netherlands yearbook of international law

Wedi'i Gadw mewn:
Manylion Llyfryddiaeth
Awdur Corfforaethol: Netherlands International Law Review (Awdur)
Fformat: Llyfr
Iaith:Saesneg
Cyhoeddwyd: La Haya Martinus Nijhoff Publishers 1995
Pynciau:
Tagiau: Ychwanegu Tag
Dim Tagiau, Byddwch y cyntaf i dagio'r cofnod hwn!

MARC

LEADER 00000nam a2200000 a 4500
001 UCS4612
003 CL-VaPUC
008 970808e19950000NE |||||||||||||||||eng|d
082 0 4 |a 341  |b NET  |2 21 
110 2 |a Netherlands International Law Review  |e author  |9 390517 
245 1 0 |a Netherlands yearbook of international law 
300 |a v.26 
942 |c BK 
945 |d 19970808 00:00:00  |a jquezada 
260 |a La Haya  |b Martinus Nijhoff Publishers  |c 1995 
650 0 |a Ciencias Políticas  |9 255201 
650 0 |a Derecho internacional  |9 255637 
650 0 |a Tratados internacionales   |9 256056 
650 0 |a Derecho y legislación   |9 255077 
650 0 |a Derechos humanos  |9 223025 
583 |a last modification  |c 19970808 00:00:00  |k Rodrigo Vera 
999 |c 261575  |d 261573 
952 |0 0  |1 0  |4 0  |6 341_000000000000000_NET_1995  |7 0  |8 A  |9 289151  |a BIBDER  |b BIBDER  |d 2019-11-19  |i 3236528  |o 341 NET 1995  |p 3236528  |r 2023-01-25  |w 2019-11-19  |y BK  |k DER